00333nam a2200121Ia 4500008004100000041000800041082001600049100002100065245004500086260004200131300002900173365000900202240624s9999 xx 000 0 und d aeng a658.472 COL aCOLLINS JUDITH M aPREVENTING IDENTITY THEFT IN YOUR BUSINE c2005aNew JerseybJohn Wiley and Sons ax, : 245 : p. : cm. ; 23 cb27